Estudio de la interconexión de la primera ampliación de la central generadora Las Pailas al Sistema Eléctrico Nacional
Na minha lista:
| Autor principal: | |
|---|---|
| Formato: | Livro |
| Idioma: | Spanish |
| Publicado em: |
[San José, Costa Rica]
2011
|
| Assuntos: | |
| Tags: |
Adicionar Tag
Sem tags, seja o primeiro a adicionar uma tag!
|
MARC
| LEADER | 00000nam a22000007a 4500 | ||
|---|---|---|---|
| 003 | 010612 | ||
| 005 | 20221231143934.0 | ||
| 008 | 151112b2011 cr a|||| |||| 00| 0 spa d | ||
| 040 | |c cru CEDI | ||
| 090 | |a TFG 6444 | ||
| 100 | |9 2297 |a Elizondo Segura, Marcia Pamela | ||
| 245 | |a Estudio de la interconexión de la primera ampliación de la central generadora Las Pailas al Sistema Eléctrico Nacional | ||
| 260 | |a [San José, Costa Rica] |c 2011 | ||
| 500 | |a Tesis (licenciatura en ingeniería eléctrica)--Universidad de Costa Rica. Facultad de Ingeniería. Escuela de Ingeniería Eléctrica | ||
| 650 | |x DISTRIBUCION DE ENERGIA ELECTRICA |x TRANSMISION DE POTENCIA |x ESTABILIDAD DE SISTEMAS DE ENERGIA ELECTRICA |x SIMULACION POR COMPUTADORAS DIGITALES |x ENERGIA GEOTERMICA |x PRODUCCION |x PROYECTO GEOTERMICO LAS PAILAS (COSTA RICA) |9 2298 | ||
| 942 | |c TFG | ||
| 999 | |c 14506 |d 14506 | ||
